000 00897cab a2200265 4500
001 ABS58373
008 090401t1998 xxu||||| |||| 00| 0 eng d
035 _a(Sirsi) u84283
041 _aeng
100 _aMatthews, J.
245 4 _aThe positively last chance saloon
260 _c1998
350 _a0
490 _aTaxation
_v140(3643) 12 February 1998, 466-468(3)
520 _aWarns that inheritance tax for farmers could be introduced in the Spring 1998 Budget. Suggests ways of preparing for this if you have land in hand, land let to family partnership, land let to a farming company and land owned by a farming company.
650 _aAGRICULTURAL PROPERTY RELIEFS
650 _aCARVE OUT SCHEMES
650 _aFARMERS
650 _aINHERITANCE TAX
650 _aPARTNERSHIPS
650 _aREVERSIONARY LEASES
690 _aTAXATION
942 _n0
948 _c17/02/1998
999 _c52957
_d52957